Love Story lyrics - Statistics

General Stats
  • This quiz has been taken 361 times
  • The average score is 315 of 376
Answer Stats
Lyrics % Correct
I
100%
you,
100%
you
100%
a
99%
and
98%
And
98%
We
98%
we
98%
the
97%
be
96%
Romeo,
96%
when
96%
When
96%
my
95%
were
95%
we're
95%
Juliet"
94%
Juliet
94%
love
94%
me
94%
me,
94%
saw
94%
young
94%
first
93%
alone
92%
dad,
92%
story,
92%
to
92%
both
91%
close
91%
said,
91%
said
91%
say,
91%
So
91%
so
91%
baby,
90%
eyes
90%
eyes,
90%
go"
90%
go
90%
on
90%
do
89%
from
89%
it
89%
just
89%
"Stay
89%
"Yes"
89%
away
88%
in
88%
It's
88%
it's
88%
can
87%
I'll
87%
take
87%
don't
86%
Don't
86%
somewhere
86%
that
86%
your
86%
all
85%
daddy
85%
is
85%
Is
85%
know
85%
waiting,
85%
waiting
85%
flashback
84%
He
84%
"Please
84%
prince
84%
there,
84%
was
84%
princess
83%
princess,
83%
You'll
82%
air
80%
beggin'
79%
out
79%
See
79%
see
79%
standing
79%
starts,
79%
summer
79%
I'm
78%
balcony
77%
cryin'
76%
for
76%
run
75%
this
75%
This
75%
have
74%
Little
74%
little
74%
never
74%
But
73%
but
73%
did
72%
"Hello"
72%
that's
72%
make
71%
"Marry
71%
party,
71%
real
71%
save
71%
ever
70%
feel
69%
if
69%
dress
68%
garden
68%
throwin'
68%
'Cause
67%
of
67%
white
67%
'cause
66%
'Cause
66%
come
65%
lights,
65%
staircase
65%
they
65%
way
65%
crowd
64%
oh
64%
Oh,
64%
oh,
64%
pebbles
64%
left
63%
ring
63%
scarlet
63%
sneak
63%
been
62%
I've
62%
keep
62%
through
62%
everything
61%
letter
61%
really
61%
talked
61%
town
61%
town,
61%
what
61%
knew
60%
pick
60%
while,
60%
head?
59%
afraid,
58%
we'll
58%
dead
57%
feeling
57%
got
57%
ground
57%
quiet,
57%
comin'
56%
pulled
56%
around,
55%
how
55%
think
55%
Wonderin'
55%
ballgowns
54%
faith
54%
tired
54%
knelt
53%
tell
53%
met
51%
difficult
50%
mess
50%
there's
50%
tryna
49%
fading
48%
escape
47%
outskirts
44%
they're
44%
No matching quizzes found
Score Distribution
Percent of People with Each Score
Percentile by Number Answered
Your Score History
You have not taken this quiz